[Event "Novokuznetsk SFO-ch U17 Girls"]
[Site "Novokuznetsk"]
[Date "2014.11.09"]
[Round "8"]
[White "Kostoyakova, Evgeniya"]
[Black "Yanygina, Olga"]
[Result "0-1"]
[WhiteElo "700"]
[BlackElo "1790"]
[PlyCount "108"]
[EventDate "2014.11.02"]
[EventType "swiss"]
[EventRounds "9"]
[EventCountry "RUS"]
[SourceTitle "CBM 163 Extra"]
[Source "ChessBase"]
[SourceDate "2014.12.23"]
[SourceVersion "1"]
[SourceVersionDate "2014.12.23"]
[SourceQuality "1"]

1. d4 Nf6 2. c4 g6 3. Nc3 Bg7 4. e4 d6 5. Nf3 0-0 6. Be2 Nbd7 7. 0-0 e5 8. d5 Nc5 9. Bd3 Nxd3 10. Qxd3 Nd7 11. Nd2 f5 12. f4 Nc5 13. Qg3 exf4 14. Qxf4 fxe4 15. Qe3 Rxf1+ 16. Nxf1 Bf5 17. Ng3 a5 18. Ngxe4 Bxe4 19. Nxe4 Qh4 20. Nf2 Bd4 21. Qg3 Qxg3 22. hxg3 Ne4 23. Bf4 Nxf2 24. Kf1 Rf8 25. Ke2 Ng4 26. Kd3 Bg7 27. Rb1 Ne5+ 28. Kc3 g5 29. Bd2 Nf3+ 30. Kc2 Nxd2 31. Kxd2 Rf2+ 32. Ke3 Rxg2 33. Kf3 Rxb2 34. Rxb2 Bxb2 35. a4 Kf7 36. g4 Kf6 37. Ke4 Ba1 38. Kf3 Ke5 39. Ke3 Bb2 40. Kf3 Kd4 41. Ke2 Kxc4 42. Ke3 Kxd5 43. Kd3 c5 44. Kc2 Bg7 45. Kb3 c4+ 46. Kc2 c3 47. Kd3 Kc5 48. Kc2 d5 49. Kd3 d4 50. Kc2 Kc4 51. Kb1 d3 52. Ka1 c2+ 53. Ka2 d2 54. Ka3 c1Q+ 0-1

[Event "Novokuznetsk SFO-ch U17 Girls"]
[Site "Novokuznetsk"]
[Date "2014.11.07"]
[Round "6"]
[White "Arbynova, Agniya"]
[Black "Kostoyakova, Evgeniya"]
[Result "1-0"]
[WhiteElo "1731"]
[BlackElo "700"]
[PlyCount "94"]
[EventDate "2014.11.02"]
[EventType "swiss"]
[EventRounds "9"]
[EventCountry "RUS"]
[SourceTitle "CBM 163 Extra"]
[Source "ChessBase"]
[SourceDate "2014.12.23"]
[SourceVersion "1"]
[SourceVersionDate "2014.12.23"]
[SourceQuality "1"]

1. d4 d5 2. c4 c6 3. Nf3 Nf6 4. Nc3 Bg4 5. e3 e6 6. Bd3 Bb4 7. Bd2 0-0 8. 0-0 Nbd7 9. h3 Bh5 10. cxd5 cxd5 11. Be2 Rc8 12. Rc1 Re8 13. a3 Be7 14. Ne1 Bg6 15. Bd3 Bxd3 16. Nxd3 a6 17. Qe2 Bd6 18. f4 Bc7 19. Ne5 Nxe5 20. fxe5 Nd7 21. Rf2 Rf8 22. Rcf1 f6 23. exf6 Rxf6 24. e4 Rxf2 25. Qxf2 Qf6 26. exd5 Qxf2+ 27. Rxf2 e5 28. Be3 Bb6 29. Rd2 Nf6 30. Kf2 Rd8 31. dxe5 Bxe3+ 32. Kxe3 Re8 33. Kd4 Nd7 34. e6 Nb6 35. Rf2 Nc8 36. Ne4 Rd8 37. Rf7 Nb6 38. d6 Re8 39. Rxb7 Rxe6 40. Rxb6 Kf8 41. d7 Rxe4+ 42. Kxe4 Ke7 43. Rb7 g6 44. Ra7 h5 45. Kd5 a5 46. d8Q+ Kxd8 47. Kd6 Kc8 1-0

[Event "Novokuznetsk SFO-ch U17 Girls"]
[Site "Novokuznetsk"]
[Date "2014.11.04"]
[Round "3"]
[White "Kostoyakova, Evgeniya"]
[Black "Pronkina, Aryuna"]
[Result "0-1"]
[WhiteElo "700"]
[BlackElo "1657"]
[PlyCount "120"]
[EventDate "2014.11.02"]
[EventType "swiss"]
[EventRounds "9"]
[EventCountry "RUS"]
[SourceTitle "CBM 163 Extra"]
[Source "ChessBase"]
[SourceDate "2014.12.23"]
[SourceVersion "1"]
[SourceVersionDate "2014.12.23"]
[SourceQuality "1"]

1. d4 d6 2. e4 Nf6 3. Nc3 e5 4. dxe5 dxe5 5. Qxd8+ Kxd8 6. Nf3 Bd6 7. Bg5 Be6 8. Rd1 Ke7 9. Bd3 Nbd7 10. 0-0 h6 11. Be3 a6 12. h3 g5 13. Rfe1 Rag8 14. Kf1 Nh5 15. g4 Nf4 16. Bxf4 gxf4 17. Nh2 h5 18. f3 hxg4 19. fxg4 Rxh3 20. Rd2 Rgh8 21. Ree2 f3 22. Rf2 Bc5 23. Rxf3 Rxh2 24. Rxh2 Rxh2 25. g5 Bh3+ 26. Ke1 Rh1+ 27. Kd2 Bb4 28. Bc4 Bxc3+ 29. Kxc3 Be6 30. Bxe6 Kxe6 31. Rg3 Nc5 32. Rg4 Re1 33. g6 Nxe4+ 34. Kc4 fxg6 35. Rxg6+ Nf6 36. Rg7 Re4+ 37. Kd3 Rd4+ 38. Kc3 Nd5+ 39. Kb3 a5 40. Rg6+ Kf5 41. Rh6 e4 42. c3 Rd2 43. Rh5+ Kg4 44. Re5 Kf4 45. Re8 Kf3 46. c4 Rd3+ 47. Ka4 Nb6+ 48. Kb5 e3 49. Re7 e2 50. Rxc7 e1Q 51. Kxb6 Qb4+ 52. Ka7 Rd6 53. c5 Ra6+ 54. Kb8 Qxb2 55. a4 Qh8+ 56. Rc8 Ra8+ 57. Kxa8 Qxc8+ 58. Ka7 Qxc5+ 59. Ka8 Qc6 60. Ka7 b5 0-1

[Event "Novokuznetsk SFO-ch U17 Girls"]
[Site "Novokuznetsk"]
[Date "2014.11.02"]
[Round "1"]
[White "Kostoyakova, Evgeniya"]
[Black "Abasheeva, Ksenia"]
[Result "0-1"]
[WhiteElo "700"]
[BlackElo "1828"]
[PlyCount "58"]
[EventDate "2014.11.02"]
[EventType "swiss"]
[EventRounds "9"]
[EventCountry "RUS"]
[SourceTitle "CBM 163 Extra"]
[Source "ChessBase"]
[SourceDate "2014.12.23"]
[SourceVersion "1"]
[SourceVersionDate "2014.12.23"]
[SourceQuality "1"]

1. d4 d5 2. c4 e6 3. Nc3 c5 4. cxd5 cxd4 5. Qxd4 Nc6 6. Qd1 exd5 7. e3 Nf6 8. Bb5 Bc5 9. Nf3 Bg4 10. 0-0 a6 11. Bxc6+ bxc6 12. h3 Bh5 13. Re1 0-0 14. b3 Re8 15. Na4 Bb4 16. Rf1 Qd6 17. a3 Bc5 18. b4 Ba7 19. Bb2 Bxf3 20. g3 Bxd1 21. Raxd1 Ne4 22. Rd4 Nxf2 23. Rf4 Nxh3+ 24. Kg2 Nxf4+ 25. exf4 Re2+ 26. Kf3 Rae8 27. Be5 R2xe5 28. fxe5 Qxe5 29. Nc5 Qe2+ 0-1